| 000 | 00908nam a2200241Ia 4500 | ||
|---|---|---|---|
| 003 | GCL | ||
| 008 | 140319s9999 xx 000 0 ara d | ||
| 040 |
_aGCL / _cGCL |
||
| 082 | 0 | 4 |
_a305.242 _bأ ق |
| 100 | 1 | _aاحمد عبدالله رزة | |
| 245 | 1 | 0 |
_aقضية الاجيال : _bتحدى الشباب المصرى عبر قرنين / _cاحمد عبدالله رزة |
| 250 | _aالاولى | ||
| 260 |
_aالقاهرة : _bدار مصر المحروسة ، _c2005 |
||
| 300 |
_a194ص ؛ _c22سم |
||
| 650 | 0 | 4 | _aالشباب فى مصر |
| 650 | 0 | 4 | _aالشباب - النشاط السياسى |
| 650 | 0 | 4 | _aالشباب - رعاية اجتماعية |
| 650 | 0 | 4 | _aالشباب - قبل ثورة 23 يوليو |
| 650 | 0 | 4 | _aالشباب - بعد ثورة 23 يوليو |
| 650 | 0 | 4 | _aالشباب - القرن العشرين |
| 650 | 0 | 4 | _aالشباب - هزيمة 1967 |
| 942 |
_2ddc _cBK |
||
| 999 |
_c7849 _d7849 |
||